Представление документа в формате MARC21

ПолеНазваниеЗначение
  Тип записи a
  Библиографический уровень m
001 Контрольный номер RU\infra-m\znanium\bibl\2234377
005 Дата корректировки 20260429142232.4
008 Кодируемые данные 251119s2025 RU g rus u
020 Индекс ISBN __
a ISBN 978-5-91671-639-9
040 Источник каталогиз. __
a Служба первич. каталог. Общество с ограниченной ответственностью «ЗНАНИУМ»
041 Код языка издания __
a Код языка текста rus
044 Код страны публикации __
a Код страны публикации RU
080 Индекс УДК __
a Индекс УДК 94
084 Индекс другой классификации/Индекс ББК __
2 Источник индекса rubbk
a Индекс другой классификации/Индекс ББК 63
100 Автор __
a Автор Бирд М.
q Полное имя Бирд Мэри
245 Заглавие __
a Заглавие SPQR. История Древнего Рима
b Продолж. заглавия Научно-популярная литература
250 Сведения об издании __
a Основные сведения об издании 1
260 Выходные данные __
a Место издания Москва
b Издательство ООО "Альпина нон-фикшн"
c Дата издания 2026
300 Физическое описание __
a Объем 704 с.
520 Аннотация __
a Аннотация Древний Рим— тема всеобщего интереса опыты знакомства с его образами и историей сопровождают нас в науках литературе искусстве. Но насколько близки к реальности наши представления о той эпохе? Книга Мэри Бирд одного из ведущих мировых специалистов по древней истории неизбежно изменит многие из них. Сенат и народ Цицерон и Катилина Ганнибал Цезарь Клеопатра Август и Нерон... Описывая взаимоотношения власти и человека политическое устройство и конфликты становление государственности и империи знаменитых и никому не известных римлян автор обрушивает множество мифов заставляет по-иному взглянуть на многие события давней истории. Здесь есть все лучшее что читатель может найти в научно-популярной литературе: глубокие и всесторонние знания о предмете великолепный язык рассказчика умение передать пульс повседневной жизни. Читая о далеком прошлом мы сопереживаем ему так словно читаем блог самого Цицерона словно играем в кости в помпейском трактире.
521 Примеч. о цел. назн. __
a Примеч. о целев. назн. Дополнительное профессиональное образование
650 Тематические рубрики __
a Основная рубрика История. Исторические науки
x Основная подрубрика Доисторическая эпоха. История Древнего мира и античности
655 Указ. предметных рубрик (устаревшее) __
a Жанр/ форма (устаревшее) Научно-популярная литература
856 Электронный адрес документа 4_
a Имя сервера/домена znanium.ru
m Помощь ebs_support@infra-m.ru
n Местонахождение сервера НИЦ ИНФРА-М
u URL https://znanium.ru/catalog/document?id=473164
856 Электронный адрес документа 48
a Имя сервера/домена znanium.ru
d Путь /cover/2234
f Электронное имя 2234377.jpg
u URL https://znanium.ru/cover/2234/2234377.jpg
911 __
u 0030=https://znanium.ru/catalog/document?id=473164